Global retail banking (Record no. 84152)
[ view plain ]
| 000 -LEADER | |
|---|---|
| fixed length control field | 01104cad a22002175a 4500 |
| 001 - CONTROL NUMBER | |
| control field | L156777 |
| 008 - FIXED-LENGTH DATA ELEMENTS--GENERAL INFORMATION | |
| fixed length control field | 120713e2012 xxk 000 0 eng d |
| 035 ## - SYSTEM CONTROL NUMBER | |
| System control number | (Sirsi) u156777 |
| 041 0# - LANGUAGE CODE | |
| Language code of text/sound track or separate title | eng |
| 100 1# - MAIN ENTRY--PERSONAL NAME | |
| Personal name | Brown, James |
| 245 00 - TITLE STATEMENT | |
| Title | Global retail banking |
| Remainder of title | key trends and implications for retail banking real estate |
| Medium | [electronic resource] |
| 260 ## - PUBLICATION, DISTRIBUTION, ETC. | |
| Place of publication, distribution, etc. | London |
| Name of publisher, distributor, etc. | JLL |
| Date of publication, distribution, etc. | 2012 |
| 520 ## - SUMMARY, ETC. | |
| Summary, etc. | Presents a plausible vision of where retail banking is going internationally and what the knock-on effects will be for real estate markets. Covers the economic and political context, the key drivers of change - customers, technology and image. Concludes with the implications for real estate: branch numbers ; structural change in retail bank networks; branch networks; and banking environments. |
| 590 ## - LOCAL NOTE (RLIN) | |
| Local note | NTK KA |
| 651 #4 - SUBJECT ADDED ENTRY--GEOGRAPHIC NAME | |
| Geographic name | International |
| 690 ## - LOCAL SUBJECT ADDED ENTRY--TOPICAL TERM (OCLC, RLIN) | |
| Topical term or geographic name as entry element | Commercial property |
| 9 (RLIN) | 6227 |
| 700 1# - ADDED ENTRY--PERSONAL NAME | |
| Personal name | Elliott, Lee |
| 700 1# - ADDED ENTRY--PERSONAL NAME | |
| Personal name | Burnet, Colin |
| 856 40 - ELECTRONIC LOCATION AND ACCESS | |
| Uniform Resource Identifier | <a href="https://www.joneslanglasalle.eu/ResearchLevel1/JLL_Global_Retail_%20Banking_low_res_5_July.pdf">https://www.joneslanglasalle.eu/ResearchLevel1/JLL_Global_Retail_%20Banking_low_res_5_July.pdf</a> |
| Public note | View the report at www.joneslanglasalle.eu |
| 942 ## - ADDED ENTRY ELEMENTS (KOHA) | |
| Suppress in OPAC | 0 |
| Withdrawn status | Lost status | Source of classification or shelving scheme | Damaged status | Not for loan | Home library | Current library | Shelving location | Date acquired | Total Checkouts | Full call number | Barcode | Date last seen | Copy number | Price effective from | Koha item type |
|---|---|---|---|---|---|---|---|---|---|---|---|---|---|---|---|
| Dewey Decimal Classification | Virtual | Virtual | Online | 13/07/2012 | ONLINE PUBLICATION | 156777-2001 | 06/08/2019 | 1 | 06/08/2019 | Book |